CCNA 200-301:Official Cert Guide: (Record no. 175238)

MARC details
000 -LEADER
fixed length control field 00979nam a22002777a 4500
005 - DATE AND TIME OF LATEST TRANSACTION
control field 20200819142925.0
010 ## - LCCN (DPL NO)
LC control number ENG-128352-53(vol-2)
020 ## - INTERNATIONAL STANDARD BOOK NUMBER
Terms of availability 799.00(vol-1)
International Standard Book Number 9789353945503(vol1)
020 ## - INTERNATIONAL STANDARD BOOK NUMBER
Terms of availability 799.00(vol2)
International Standard Book Number 9789353946173(vol2)
035 ## - SYSTEM CONTROL NUMBER
System control number EN-111884(vol-1)
035 ## - SYSTEM CONTROL NUMBER
System control number EN-111885(vol-2)
037 ## - SOURCE OF ACQUISITION
Source of stock number/acquisition DBAD/PUB
082 ## - DEWEY DECIMAL CLASSIFICATION NUMBER
Classification number 004.6076
100 ## - MAIN ENTRY--PERSONAL NAME
Personal name Odom, Wendell
245 ## - TITLE STATEMENT
Title CCNA 200-301:Official Cert Guide:
Remainder of title Advance your IT career with hands on learning
Statement of responsibility, etc Wendell Odom
250 ## - EDITION STATEMENT
Edition statement 1st edition
260 ## - PUBLICATION, DISTRIBUTION, ETC. (IMPRINT)
Place of publication, distribution, etc Noida
Name of publisher, distributor, etc Pearson
Date of publication, distribution, etc 2020
270 ## - ADDRESS
Address 15th floor,Tower-B,Word Trade Tower,Plot no.1,Block-C sec 16,
City Noida
Postal code 201301
Telephone number 04466540100
Electronic mail address companysecretary.india@pearson.com
300 ## - PHYSICAL DESCRIPTION
Extent 795 (vol-1) 570(vol-2)p.
Dimensions 23.5cm(pbk)
490 ## - SERIES STATEMENT
Series statement Table form, Illustrated, pictorial
Volume number/sequential designation Vol. 1-2
500 ## - GENERAL NOTE
General note IT career
650 ## - SUBJECT ADDED ENTRY--TOPICAL TERM
Topical term or geographic name as entry element Computer Science
700 ## - ADDED ENTRY--PERSONAL NAME
Personal name Hucaby, David
700 ## - ADDED ENTRY--PERSONAL NAME
Personal name Beer, Elan
942 ## - ADDED ENTRY ELEMENTS (KOHA)
Source of classification or shelving scheme Dewey Decimal Classification
Item type English Books
Classification part 004.6076
Call number suffix ODO
Holdings
Withdrawn status Lost status Materials specified (bound volume or other part) Not for loan Collection code Home library Current library Date acquired Source of acquisition Cost, normal purchase price Full call number Barcode Copy number Cost, replacement price Koha item type
    Vol-2   Non-fiction Shahdara Branch Shahdara Branch 19/08/2020 DBAD/PUB 799.00 004.6076 WEN EN-111885 1 799.00 English Books
    Vol-1   Non-fiction Shahdara Branch Shahdara Branch 19/08/2020 DBAD/PUB 799.00 004.6076 WEN EN-111884 1 799.00 English Books

© Delhi Public Library
Hit Counter
free hit counter